000 00626nam a22002177a 4500
003 UA-OsUOA
001 88994
007 ta
008 20121023b un ||||| |||| 00| 0 ukr d
100 _aЯненкова І.
090 _a330(477)
_bЯ60
942 _cSA
040 _aUA-OsUOA
_bukr
_cUA-OsUOA
_dUA-OsUOA
245 _aПроблеми формування інноваційної інфраструктури в Україні
300 _aС.9-12
955 _a0
041 _aukr
080 _a330(477)
773 0 _w88993
_tЕкономіст
_dК.
_d2012
_g9
650 7 _a330 Економіка взагалі
_2UDC
999 _c375273
_d375273